| 000 -LEADER |
| fixed length control field |
01013nam a22002417a 4500 |
| 003 - CONTROL NUMBER IDENTIFIER |
| control field |
OSt |
| 005 - DATE AND TIME OF LATEST TRANSACTION |
| control field |
20241026122752.0 |
| 008 - FIXED-LENGTH DATA ELEMENTS--GENERAL INFORMATION |
| fixed length control field |
241026b ||||| |||| 00| 0 eng d |
| 020 ## - INTERNATIONAL STANDARD BOOK NUMBER |
| International Standard Book Number |
9780008213497 |
| 040 ## - CATALOGING SOURCE |
| Transcribing agency |
KH8 |
| 082 ## - DEWEY DECIMAL CLASSIFICATION NUMBER |
| Classification number |
510 CON |
| 100 ## - MAIN ENTRY--PERSONAL NAME |
| Personal name |
Conway, Michele, |
| Relator term |
author. |
| 245 ## - TITLE STATEMENT |
| Title |
Cambridge Lower Secondary Maths Stage 7: |
| Remainder of title |
Student's Book / |
| Statement of responsibility, etc. |
Michele Conway, Sarah Sharratt and Deborah McCarthy. |
| 260 ## - PUBLICATION, DISTRIBUTION, ETC. |
| Place of publication, distribution, etc. |
London ; |
| Name of publisher, distributor, etc. |
Collins , |
| Date of publication, distribution, etc. |
2018. |
| 300 ## - PHYSICAL DESCRIPTION |
| Extent |
v, 312 pages : |
| Other physical details |
color illustrations ; |
| Dimensions |
27 cm. |
| 490 ## - SERIES STATEMENT |
| Series statement |
Cambridge lower secondary |
| 520 ## - SUMMARY, ETC. |
| Summary, etc. |
This brand new, three-level series, provides coverage of the Cambridge Secondary 1 maths curriculum framework. Written by an experienced author team, the series comprises a comprehensive Student Book, extensive Workbook and supportive Teacher Guide. |
| 650 ## - SUBJECT ADDED ENTRY--TOPICAL TERM |
| Topical term or geographic name entry element |
Mathematics |
| Form subdivision |
Student's book |
| 650 ## - SUBJECT ADDED ENTRY--TOPICAL TERM |
| Topical term or geographic name entry element |
Mathematics |
| Form subdivision |
Practice & Revision |
| 700 ## - ADDED ENTRY--PERSONAL NAME |
| Personal name |
Sharratt, Sarah, |
| Relator term |
author. |
| 700 ## - ADDED ENTRY--PERSONAL NAME |
| Personal name |
McCarthy, Deborah, |
| Relator term |
author. |
| 942 ## - ADDED ENTRY ELEMENTS (KOHA) |
| Source of classification or shelving scheme |
|
| Koha item type |
Teaching Resources |